00313pab a2200133 454500008004000000100001900040245004100059260000900100300001200109362001100121650002000132650001200152773001500164180718b1998 xxu||||| |||| 00| 0 eng d aPandit, Nalini aAmbedkar and the demand for Pakistan c1998 ap.18-24 a18 Apr aIndia - History aHistory aMainstream